Teardrops - Liam Payne (All Lyrics) - Statistics

General Stats
  • This quiz has been taken 29 times
  • The average score is 272 of 304
Answer Stats
Lyrics % Correct
a
100%
again,
100%
again
100%
am
100%
are
100%
broken
100%
do
100%
don't
100%
down
100%
face
100%
falling
100%
how
100%
I
100%
know
100%
love
100%
teardrops
100%
to
100%
too
100%
when
100%
you
100%
you?
100%
your
100%
'cause
94%
I'm
94%
i'm
94%
on
94%
so
94%
the
94%
be
89%
last
89%
me
89%
me,
89%
my
89%
night
89%
phone,
89%
phone
89%
and
83%
baby,
83%
but
83%
could
83%
cry
83%
did
83%
friends
83%
friends,
83%
just
83%
make
83%
problem,
83%
see
83%
sorry
83%
tryna
83%
we
83%
what
83%
all
78%
checking
78%
i'll
78%
is
78%
maybe
78%
myself
78%
sense
78%
words
78%
break
72%
hate
72%
it
72%
from
67%
lately
67%
lately,
67%
softly
67%
struggling
67%
that
67%
this
67%
any
61%
come
61%
crazy
61%
hating
61%
hold
61%
little
61%
oh,
61%
room
61%
sunrise
61%
things
61%
bend
56%
there
56%
better
50%
gonna
50%
learn
50%
man
50%
mend
50%
really
50%
swear
50%
tell
50%
wish
50%
ooh,
22%
No matching quizzes found
Score Distribution
Percent of People with Each Score
Percentile by Number Answered
Your Score History
You have not taken this quiz